| 000 | 00525nam a22002051c 4500 | ||
|---|---|---|---|
| 001 | a987693852 | ||
| 008 | 200424s1922 gw |||| 000u ger d | ||
| 041 | _ager | ||
| 100 | 1 | _aOlberg, Paul | |
| 245 | 0 | 4 |
_aDie Bauernrevolution in Russland : _bdie alte und die neue Politik Sowjet-Russlands |
| 264 |
_aLeipzig : _bHirschfeld, _c1922 |
||
| 300 | _aIV, 79 S. | ||
| 650 | 0 | _aLandwirtschaft | |
| 650 | 0 | _aBauer | |
| 651 | 0 | _aSowjetunion | |
| 655 | 0 | _aQuelle | |
| 942 | _cMG | ||
| 040 | _cRU-10907106 | ||
| 003 | RU-10907106 | ||
| 999 |
_c30745 _d30745 |
||